Responses for show #7441 - Monday, January 9, 2017

Contestants

Jack Paleczny, a law student from Chicago, Illinois

Blair Moorhead, a social worker from Arlington, Virginia

Joe Bartolomeo, a professor and associate dean from Florence, Massachusetts (whose 2-day cash winnings total $36,500)

Jeopardy! Round responses

WOMEN & THE AMERICAN REVOLUTION
THRILLER & SUSPENSE NOVELS
ONE-"I"d WORDS
AIRPORT
NOISE
A BATEMAN
    $200 1
the Declaration of Independence

Joe
    $200 21
The Silence of the Lambs

Jack
    $200 16
a skit

Jack
    $200 6
the Alps

Jack
    $200 10
motorcycle

Joe
    $200 26
Family Ties

Joe
    $400 2
gunpowder

Joe
    $400 22
Lehane

Joe
    $400 17
birth

Blair
    $400 7
Bangkok

Joe
    $400 12
snore

Joe
    $400 27
Arrested Development

Jack
    $600 3
Abigail Adams

Joe
    $600 23
The Girl With the Dragon Tattoo

Blair
    $600 18
jib

Blair
    $600 8
(Jack: What is Spain?)

Portugal

BlairJack
    $600 13
a sonic boom

Blair
    $600 28
[The end-of-round signal sounds.]

American Psycho

Jack
    $800 4
(Jack: What is Boston?)

Philadelphia

JoeJack
    $800 24
(Jack: What is Dr. No?)

From Russia, with Love

JoeJack
    $800 19
shrift

Blair
    $800 9
(Joe: What is St. Martin?)

St. Barts

Joe
Triple Stumper
    $800 14
Seattle

Jack
    $1000 5
[Applause for Joe's running the category]

Connecticut

Joe
    $1,000 25
(Alex: [Before Joe wagers] You're in the lead, and we have less than a minute now.)
...
(Alex: Joe?)
(Joe: Don't have it, sorry.)

The Lincoln Lawyer

Joe
    $1000 20
(Blair: What is grift?)

bilk them

Blair
Triple Stumper
    $1000 11
the Netherlands

Jack
    $1000 15
Krakatoa

Jack

Scores at the first commercial break (after clue 15):

Joe Blair Jack
$3,200 $1,200 $1,600

Scores at the end of the Jeopardy! Round:

Joe Blair Jack
$3,600 $2,600 $2,200

Double Jeopardy! Round responses

YOU PROBABLY THINK THIS SONG IS ABOUT YOU
HEALTH & MEDICINE
WORDS OF PEACE
"G" CITIES
POLITICIANS
BRAZILIAN CUISINE
    $400 6
Neil Diamond

Blair
    $400 11
reflux

Joe
    $400 17
calm

Joe
    $400 1
Green Bay

Jack
    $400 12
Louisiana

Jack
    $400 26
black beans

Jack
    $800 7
Frank Sinatra

Blair
    $800 13
the wasting disease (or consumption)

Blair
    $800 22
Placid

Blair
    $800 2
Geneva

Jack
    $800 18
Rick Perry

Blair
    $800 27
chicken

Jack
    $1200 8
Julian Lennon

Blair
    $1200 14
triglycerides

Jack
    $1200 23
bliss

Joe
    $1200 3
Ghent

Jack
    $1200 19
Daley

Blair
    $1200 28
sugarcane

Jack
    $1600 9
Justin Timberlake

Joe
    $1600 15
the cochlea

Jack
    $1600 24
Serenity

Jack
    $2,000 4
Giza

Jack
    $1600 20
(Joe: Who is Kennedy?)
(Alex: Which one?)

Robert Kennedy

Joe
    $1600 29
(Jack: What is arrowroot?)
[Originally ruled incorrect; ruled correct before Final Jeopardy!]

tapioca

Jack
    $2000 10
"Dude (Looks Like A Lady)"

Blair
    $2000 16
collagen

Triple Stumper
    $2,000 25
(Alex: "Houston, [*] base here. The Eagle has landed.")

tranquility

Jack
    $2000 5
[Applause for Jack's running of the category]

Greeley

Jack
    $2000 21
the America First Committee

Triple Stumper
    $2000 30
(Jack: What is gaucho?)

churrasco

Jack
Triple Stumper

Scores at the end of the Double Jeopardy! Round:

Joe Blair Jack
$8,800 $10,600 $17,400

[wagering suggestions for these scores]

Final Jeopardy! Round responses

19th CENTURY NOTABLES
(Alex: Not politicians.)
JoeWho is van Gogh?
$8,000
BlairWho was Van Gogh?
$6,802
JackWho is Zimmerman?
$4,000
Vincent van Gogh

Final scores:

Joe Blair Jack
$16,800 $17,402 $13,400
2nd place: $2,000 New champion: $17,402 3rd place: $1,000

Game dynamics:

Coryat scores:

Joe Blair Jack
$9,800 $10,600 $17,000
16 R,
2 W
(including 1 DD)
14 R,
1 W
22 R
(including 2 DDs),
4 W

Combined Coryat: $37,400

The J! Archive is created by fans, for fans. The Jeopardy! game show and all elements thereof, including but not limited to copyright and trademark thereto, are the property of Jeopardy Productions, Inc. and are protected under law. This website is not affiliated with, sponsored by, or operated by Jeopardy Productions, Inc. Join the discussion at JBoard.tv.